000 01030nam a22002297a 4500
005 20101224150352.0
008 101224t xxu||||| |||| 00| 0 mar d
010 _aMAR-20465
020 _a9788184981834
_c140.00
035 _aMR-13123
037 _bDBAD / PUB
040 _aDPL
_bMR
082 _a891.4608
100 _aचित्रे,शोभा
_925101
245 _aएक दिवस /
_cशोभा चित्रे
246 _aEk Divas
_bby Shobha Chitre
260 _aपुणे
_bमेहता पब्लिशिंग हाऊस
_c2011
270 _a1941,सदाशिव पेठ,माडीवाले कॉलनी,
_bपुणे
_e411030
300 _aसोळा138पृ
_c21सेमी (अजिल्द)
942 _2ddc
_cMR
_h891.4608
_mचित्रेशो
999 _c49506
_d49506